|
|
|
|
| LEADER |
00000cam a2200000 7i4500 |
| 001 |
0000046326 |
| 005 |
20150324.0 |
| 008 |
24032015 |
| 020 |
|
|
|a 9679710734
|
| 020 |
|
|
|a 9789679710734
|
| 090 |
0 |
0 |
|a 808
|b MUN
|
| 100 |
1 |
|
|a Munir Ali
|
| 245 |
1 |
0 |
|a Kajian kesusasteraan melayu moden
|c Munir Ali
|
| 260 |
|
|
|a Petaling Jaya :
|b Flo Enterprise Sdn. Bhd ,
|c 1989
|
| 650 |
|
0 |
|a Malay literature
|x History and criticism
|
| 999 |
|
|
|a 0000170249
|b Book
|c Adult Collection
|e Cawangan Mersing
|
| 999 |
|
|
|a 0000170250
|b Book
|c Adult Collection
|e Cawangan Pontian
|
| 999 |
|
|
|a 0000170270
|b Book
|c Adult Collection
|e Cawangan Bandar Penawar
|